000 00533 a2200169 4500
005 20250526142036.0
020 _a0-07289482-2
082 _a658.8 PER
100 _aPERREAULT, W. D.
245 _aEssentials of Marketing : A Global Managerial Approach.
250 _a8th Ed.
260 _aNew York,
_bMcgraw-Hill Irwin,
_c2000.
300 _axxvii, 597p.: Ill.;figures & pictures
_bGlossary & Index
_c26cm.
700 _aJEROME, E.
856 _yAccess Online Book
_fEssentials of Marketing
_dwww.mhhe.com/fourps
942 _2ddc
_cBKS
999 _c2680
_d2680